[Event "ROM-ch Rapid"]
[Site "Bucharest"]
[Date "2022.03.12"]
[Round "4"]
[White "Magold, Filip"]
[Black "Radulescu, Gabriel"]
[Result "1-0"]
[WhiteElo "2185"]
[BlackElo "1840"]
[PlyCount "55"]
[EventDate "2022.03.11"]
[EventType "swiss (rapid)"]
[EventRounds "9"]
[EventCountry "ROU"]
[SourceTitle "CBM 207 Extra"]
[Source "ChessBase"]
[SourceDate "2022.05.31"]
[SourceVersion "1"]
[SourceVersionDate "2022.05.31"]
[SourceQuality "1"]

1. e4 e6 2. d4 d5 3. Nc3 Nf6 4. e5 Nfd7 5. f4 c5 6. Nf3 Nc6 7. Be3 a6 8. Qd2 Qc7 9. Ne2 b6 10. c3 Bb7 11. Rc1 Be7 12. g4 h6 13. Bg2 c4 14. 0-0 0-0-0 15. f5 Rdg8 16. b3 Nd8 17. Nf4 g5 18. fxg6 fxg6 19. bxc4 dxc4 20. d5 Nxe5 21. Nxe5 Qxe5 22. Bd4 Bc5 23. Bxc5 bxc5 24. d6 g5 25. Rce1 Qxe1 26. Rxe1 gxf4 27. d7+ Kb8 28. Qd6+ 1-0

[Event "ROM-ch Rapid"]
[Site "Bucharest"]
[Date "2022.03.12"]
[Round "6"]
[White "Nastore, Pavel Alexandru"]
[Black "Radulescu, Gabriel"]
[Result "1-0"]
[WhiteElo "2306"]
[BlackElo "1840"]
[PlyCount "57"]
[EventDate "2022.03.11"]
[EventType "swiss (rapid)"]
[EventRounds "9"]
[EventCountry "ROU"]
[SourceTitle "CBM 207 Extra"]
[Source "ChessBase"]
[SourceDate "2022.05.31"]
[SourceVersion "1"]
[SourceVersionDate "2022.05.31"]
[SourceQuality "1"]

1. e4 h5 2. d4 e6 3. Nc3 d5 4. Nf3 Nf6 5. Bg5 Be7 6. e5 Ne4 7. Bxe7 Qxe7 8. a3 c5 9. Nb5 Nc6 10. Bd3 a6 11. Bxe4 axb5 12. Bd3 c4 13. Be2 b4 14. axb4 Rxa1 15. Qxa1 Nxb4 16. 0-0 Nc6 17. c3 0-0 18. Nd2 h4 19. f4 f5 20. Nf3 Nd8 21. Qe1 Bd7 22. Nxh4 Be8 23. g4 fxg4 24. Bxg4 g5 25. Ng2 gxf4 26. Nxf4 Qg5 27. Qg3 Kg7 28. Nxe6+ Nxe6 29. Bxe6 1-0

[Event "ROM-ch Rapid"]
[Site "Bucharest"]
[Date "2022.03.12"]
[Round "8"]
[White "Stepanencu, Nicodim Cosmin"]
[Black "Radulescu, Gabriel"]
[Result "1-0"]
[WhiteElo "2334"]
[BlackElo "1840"]
[PlyCount "63"]
[EventDate "2022.03.11"]
[EventType "swiss (rapid)"]
[EventRounds "9"]
[EventCountry "ROU"]
[SourceTitle "CBM 207 Extra"]
[Source "ChessBase"]
[SourceDate "2022.05.31"]
[SourceVersion "1"]
[SourceVersionDate "2022.05.31"]
[SourceQuality "1"]

1. e4 e6 2. d4 d5 3. Nc3 Nf6 4. e5 Nfd7 5. f4 c5 6. Nf3 Nc6 7. Be3 b6 8. Qd2 Bb7 9. a3 Be7 10. Be2 a6 11. 0-0 Qc7 12. Nd1 h6 13. c3 c4 14. Bf2 Na5 15. Rb1 Nb3 16. Qe1 g5 17. fxg5 hxg5 18. Ne3 0-0-0 19. Bd1 Rdg8 20. Ng4 Kb8 21. Be3 Ka7 22. h3 f5 23. exf6 Nxf6 24. Nfe5 Nxg4 25. Bxg4 Bc8 26. Rf7 Kb7 27. Qe2 Rf8 28. Rbf1 Rxf7 29. Rxf7 Rf8 30. Rg7 Qd6 31. Bxg5 Re8 32. Bh5 1-0

[Event "Wch Seniors 50 29th"]
[Site "Bucharest"]
[Date "2019.11.22"]
[Round "10"]
[White "Radulescu, Gabriel"]
[Black "Mihai, Catalin"]
[Result "1/2-1/2"]
[WhiteElo "1814"]
[BlackElo "1920"]
[PlyCount "26"]
[EventDate "2019.11.12"]
[EventType "swiss"]
[EventRounds "11"]
[EventCountry "ROU"]
[SourceTitle "CBM 193 Extra"]
[Source "ChessBase"]
[SourceDate "2020.01.31"]
[SourceVersion "1"]
[SourceVersionDate "2020.01.31"]
[SourceQuality "1"]

1. c4 e5 2. Nc3 d6 3. e4 g6 4. Nge2 Bg7 5. d3 f5 6. g3 Nf6 7. Bg2 0-0 8. f3 Nh5 9. Be3 Nc6 10. Qd2 f4 11. Bf2 Bh6 12. 0-0-0 Kg7 13. gxf4 Be6 1/2-1/2

[Event "Iasi op"]
[Site "Iasi"]
[Date "2014.05.10"]
[Round "1"]
[White "Radulescu, Gabriel"]
[Black "Fier, Alexandr"]
[Result "0-1"]
[WhiteElo "1935"]
[BlackElo "2575"]
[PlyCount "68"]
[EventDate "2014.05.10"]
[EventType "swiss"]
[EventRounds "9"]
[EventCountry "ROU"]
[SourceTitle "CBM 160 Extra"]
[Source "ChessBase"]
[SourceDate "2014.07.01"]
[SourceVersion "1"]
[SourceVersionDate "2014.07.01"]
[SourceQuality "1"]

1. c4 Nf6 2. Nc3 e5 3. e4 Bc5 4. d3 d6 5. Be2 a6 6. Be3 Nc6 7. Qd2 0-0 8. h3 Nd4 9. Nf3 c6 10. Bg5 Ne6 11. Be3 b5 12. g4 Bxe3 13. fxe3 bxc4 14. d4 exd4 15. exd4 d5 16. exd5 cxd5 17. 0-0-0 Nc7 18. Ne5 Nb5 19. Bf3 Bb7 20. Rhg1 Ne8 21. g5 Nxc3 22. Qxc3 Nd6 23. g6 hxg6 24. Bg4 Ne4 25. Qb4 Qc7 26. h4 c3 27. h5 a5 28. Qa3 gxh5 29. Bxh5 Qb6 30. Rg2 Qh6+ 31. Kb1 Rac8 32. Nxf7 Qxh5 33. Rdg1 c2+ 34. Kc1 Rxf7 0-1

[Event "ROM-ch op"]
[Site "Sarata Monteoru"]
[Date "2011.02.13"]
[Round "2"]
[White "Scripcaru, George Daniel"]
[Black "Radulescu, Gabriel"]
[Result "1/2-1/2"]
[WhiteElo "1795"]
[BlackElo "1933"]
[PlyCount "90"]
[EventDate "2011.02.12"]
[EventType "swiss"]
[EventRounds "11"]
[EventCountry "ROU"]
[SourceTitle "EXT 2013"]
[Source "ChessBase"]
[SourceDate "2012.11.22"]
[SourceVersion "1"]
[SourceVersionDate "2012.11.22"]
[SourceQuality "1"]

1. b4 c6 2. Bb2 d5 3. Nf3 Bf5 4. e3 e6 5. a3 Nf6 6. d4 Nbd7 7. Be2 Bd6 8. Nbd2 Qe7 9. c4 dxc4 10. Nxc4 Bc7 11. 0-0 Ne4 12. Rc1 Rd8 13. Qb3 Bb8 14. Rfd1 f6 15. Ncd2 0-0 16. Nxe4 Bxe4 17. Nd2 Bd5 18. Bc4 Qd6 19. g3 f5 20. Bxd5 exd5 21. b5 Nf6 22. bxc6 bxc6 23. Qc2 Rde8 24. Qxf5 Qe6 25. Qc2 Ne4 26. Nxe4 dxe4 27. Qe2 Rf6 28. Rc2 Ref8 29. Qf1 h5 30. Rdc1 Qd7 31. a4 h4 32. Qg2 Rg6 33. Bc3 Rf3 34. Be1 Rgf6 35. Rb1 Bd6 36. Bb4 Be7 37. Be1 Bd6 38. Bb4 Rg6 39. Bxd6 Qxd6 40. Re1 hxg3 41. hxg3 Qd7 42. Rb2 Qd6 43. Rc2 Qd7 44. a5 Qc7 45. a6 Rgf6 1/2-1/2

[Event "Eforie Nord op 2nd"]
[Site "Eforie Nord"]
[Date "2010.06.18"]
[Round "1"]
[White "Vedmediuc, Serghei"]
[Black "Radulescu, Gabriel"]
[Result "1-0"]
[WhiteElo "2438"]
[BlackElo "1940"]
[PlyCount "47"]
[EventDate "2010.06.18"]
[EventType "swiss"]
[EventRounds "11"]
[EventCountry "ROU"]
[SourceTitle "CBM 137 Extra"]
[Source "ChessBase"]
[SourceDate "2010.09.01"]
[SourceVersion "1"]
[SourceVersionDate "2010.09.01"]
[SourceQuality "1"]

1. e4 e6 2. d4 d5 3. Nc3 Nf6 4. e5 Nfd7 5. Nce2 c5 6. c3 Nc6 7. f4 Be7 8. Nf3 Qc7 9. g3 b6 10. f5 Nf8 11. Nf4 h5 12. fxe6 fxe6 13. Bd3 Bb7 14. Ng6 Nxg6 15. Bxg6+ Kd7 16. 0-0 Raf8 17. Be3 Ba6 18. Rf2 h4 19. gxh4 Qd8 20. h5 Bh4 21. Rg2 Bb7 22. Nxh4 Qxh4 23. Bg5 Qh3 24. Rg3 1-0